000 00642nam a2200229Ia 4500
003 OSt
005 20221007064854.0
006 a|||||r|||| 00| 0
007 ta
008 221006b |||||||| |||| 00| 0 eng d
024 _a9,557
037 _cReference Collections
040 _aFLL
_cFLL
_beng
041 _2eng
_aeng
082 _aZ2,2,4, N9
100 _aSivaramayya B. Au.
_9686423
245 0 _aMatrimonial property law in india
260 _aDelhi
_bOxfrod university press India
_c1999
300 _a132p
_ccm.
942 _hZ2,2,4, N9
_cREF
_2CC
999 _c1135608
_d1135608